[Event "48. Torneo Villa de Mislata"]
[Site "Mislata ESP"]
[Date "2014.08.16"]
[Round "8.17"]
[White "Marquinez Cabrejas, Francisco"]
[Black "Hassomal Daswani, Birjkumar"]
[Result "0-1"]
[WhiteElo "1993"]
[BlackElo "2106"]
[PlyCount "58"]
[EventDate "2014.08.11"]
[EventType "swiss"]
[EventRounds "9"]
[EventCountry "ESP"]
[Source "lmi"]
[SourceDate "2014.08.11"]

1. f4 d5 2. Nf3 c5 3. g3 Nc6 4. Bg2 Nf6 5. d3 g6 6. O-O Bg7 7. c3 O-O 8. Na3
Re8 9. Ne5 Qb6 10. Nc2 e6 11. Kh1 Qc7 12. Nxc6 bxc6 13. e4 dxe4 14. dxe4 Ba6
15. Re1 Rad8 16. Qf3 Bd3 17. e5 Bxc2 18. exf6 Bxf6 19. Qxc6 Qa5 20. Be3 Rc8 21.
Qf3 Red8 22. Qf2 Ba4 23. Rac1 Bc6 24. Bxc6 Rxc6 25. b4 cxb4 26. cxb4 Qd5+ 27.
Kg1 Ra6 28. Re2 Ra3 29. Bxa7 Rxa7 0-1

[Event "48. Torneo Villa de Mislata"]
[Site "Mislata ESP"]
[Date "2014.08.16"]
[Round "8.18"]
[White "Gomez Sanjuan, Hector Fernando"]
[Black "Nieto Tornero, Jose"]
[Result "1-0"]
[WhiteElo "1812"]
[BlackElo "1914"]
[PlyCount "139"]
[EventDate "2014.08.11"]
[EventType "swiss"]
[EventRounds "9"]
[EventCountry "ESP"]
[Source "lmi"]
[SourceDate "2014.08.11"]

1. d4 d5 2. c4 c6 3. Nf3 Nf6 4. Nc3 e6 5. Qb3 Qb6 6. g3 Nbd7 7. Bg2 Bd6 8. c5
Qxb3 9. axb3 Bc7 10. b4 O-O 11. O-O e5 12. e3 b6 13. Bd2 Re8 14. Ra2 Bb7 15.
Rfa1 exd4 16. exd4 a6 17. Bf1 b5 18. Ne2 h6 19. Nc1 Ne4 20. Nb3 Ndf6 21. Na5
Bc8 22. h3 Re6 23. Be1 g5 24. h4 g4 25. Nd2 Nxd2 26. Bxd2 Ne4 27. Be1 f5 28.
Ra3 f4 29. Kg2 h5 30. Bd3 f3+ 31. Kg1 Bd7 32. Nb3 Bc8 33. Nd2 Kf8 34. Bc2 Nxg3
35. fxg3 Re2 36. Rd1 Rg2+ 37. Kf1 Kf7 38. Bb1 Bxg3 39. Nxf3 Rxb2 40. Ng5+ Kg7
41. Rxg3 Bd7 42. Re3 Rf8+ 43. Kg1 Bf5 44. Bxf5 Rxf5 45. Rd2 Rxb4 46. Rde2 Rc4
47. Re7+ Kg6 48. R2e6+ Rf6 49. Rxf6+ Kxf6 50. Re6+ Kf5 51. Rxc6 Rxd4 52. Rxa6
Rd1 53. Re6 Rc1 54. c6 b4 55. c7 b3 56. Kf2 b2 57. Rb6 Rc2+ 58. Ke3 Rxc7 59.
Rxb2 Re7+ 60. Kd2 Kf4 61. Rb4+ Kf5 62. Bg3 Ra7 63. Rd4 Ra2+ 64. Ke3 Ra3+ 65.
Rd3 Ra5 66. Nf7 Ke6 67. Nd8+ Kf5 68. Nb7 Ra2 69. Rxd5+ Kg6 70. Nd6 1-0

[Event "48. Torneo Villa de Mislata"]
[Site "Mislata ESP"]
[Date "2014.08.17"]
[Round "9.1"]
[White "Antoli Royo, Joaquin Miguel"]
[Black "Nieves Cabanes, Javier"]
[Result "1-0"]
[WhiteElo "2428"]
[BlackElo "2074"]
[PlyCount "75"]
[EventDate "2014.08.11"]
[EventType "swiss"]
[EventRounds "9"]
[EventCountry "ESP"]
[Source "lmi"]
[SourceDate "2014.08.11"]

1. e4 c5 2. Nf3 e6 3. d4 cxd4 4. Nxd4 Nc6 5. Nc3 Qc7 6. Be2 a6 7. O-O Nf6 8.
Be3 Bb4 9. Nxc6 bxc6 10. Qd4 c5 11. Qc4 Bb7 12. a3 Bxc3 13. Qxc3 O-O 14. f3 d5
15. Qxc5 Qxc5 16. Bxc5 Rfc8 17. b4 Nd7 18. Bf2 dxe4 19. c4 Ne5 20. Bc5 a5 21.
Kf2 f5 22. Rfd1 g5 23. h4 g4 24. fxg4 f4 25. Bd6 Nxc4 26. Bxf4 e3+ 27. Ke1 Nb2
28. Rd7 Bc6 29. Rd4 Bxg2 30. b5 Bd5 31. Bxe3 Nc4 32. Bxc4 Bxc4 33. b6 Ba6 34.
Rc1 Rxc1+ 35. Bxc1 Bb5 36. Bf4 Bc6 37. Rd6 Bd5 38. Rxd5 1-0

[Event "48. Torneo Villa de Mislata"]
[Site "Mislata ESP"]
[Date "2014.08.17"]
[Round "9.2"]
[White "Lopez Mulet, Inigo"]
[Black "Pena Riasco, Alexander"]
[Result "1-0"]
[WhiteElo "2193"]
[BlackElo "2242"]
[PlyCount "39"]
[EventDate "2014.08.11"]
[EventType "swiss"]
[EventRounds "9"]
[EventCountry "ESP"]
[Source "lmi"]
[SourceDate "2014.08.11"]

1. d4 d5 2. c4 c6 3. Nf3 Nf6 4. Nc3 dxc4 5. a4 Bf5 6. Nh4 Bg4 7. h3 Bh5 8. g4
Bg6 9. Nxg6 hxg6 10. e4 e5 11. Bxc4 exd4 12. e5 Nxg4 13. Qxg4 dxc3 14. e6 Be7
15. exf7+ Kf8 16. Bf4 Na6 17. Rd1 Qa5 18. O-O cxb2 19. Rfe1 Rd8 20. Rxe7 1-0

[Event "48. Torneo Villa de Mislata"]
[Site "Mislata ESP"]
[Date "2014.08.17"]
[Round "9.3"]
[White "Alonso Moyano, Jonathan"]
[Black "Mingarro Carceller, Sergi"]
[Result "1-0"]
[WhiteElo "2408"]
[BlackElo "2233"]
[PlyCount "89"]
[EventDate "2014.08.11"]
[EventType "swiss"]
[EventRounds "9"]
[EventCountry "ESP"]
[Source "lmi"]
[SourceDate "2014.08.11"]

1. e4 e6 2. d4 d5 3. Nd2 Nf6 4. e5 Nfd7 5. c3 c5 6. f4 Nc6 7. Ndf3 Qb6 8. g3
Be7 9. Bh3 cxd4 10. cxd4 f6 11. Kf1 O-O 12. Kg2 Kh8 13. Ne2 fxe5 14. fxe5 Ndxe5
15. dxe5 Nxe5 16. Rf1 Nxf3 17. Rxf3 Rxf3 18. Kxf3 e5 19. Bxc8 Rxc8 20. Nc3 Qe6
21. Kg2 d4 22. Ne4 Qd5 23. Qd3 Bb4 24. a3 Ba5 25. Kg1 Qc4 26. Qxc4 Rxc4 27. Kf2
Rc2+ 28. Kf3 Rxh2 29. b4 Bb6 30. Bd2 Rh5 31. Rc1 h6 32. Rc8+ Kh7 33. a4 Rf5+
34. Ke2 Rf7 35. a5 Bc7 36. b5 Kg6 37. Ra8 Kf5 38. Kd3 Ke6 39. Rxa7 Kd5 40. Rxb7
Rf3+ 41. Ke2 Kxe4 42. Rxc7 d3+ 43. Kd1 Rf1+ 44. Be1 Ke3 45. a6 1-0

[Event "48. Torneo Villa de Mislata"]
[Site "Mislata ESP"]
[Date "2014.08.17"]
[Round "9.4"]
[White "Carrascoso Morales, Abel"]
[Black "Garriga Cazorla, Pere"]
[Result "0-1"]
[WhiteElo "2342"]
[BlackElo "2196"]
[PlyCount "102"]
[EventDate "2014.08.11"]
[EventType "swiss"]
[EventRounds "9"]
[EventCountry "ESP"]
[Source "lmi"]
[SourceDate "2014.08.11"]

1. d4 Nf6 2. c4 e6 3. Nf3 c5 4. d5 d6 5. Nc3 exd5 6. cxd5 g6 7. Bf4 Bg7 8. Qa4+
Bd7 9. Qb3 b5 10. Nd2 O-O 11. Bxd6 c4 12. Nxc4 bxc4 13. Qxc4 Re8 14. e3 Bf5 15.
Ba3 Nbd7 16. Rd1 Rc8 17. Qa6 Ne4 18. Nxe4 Bxe4 19. h4 Ne5 20. Qd6 Qxd6 21. Bxd6
Red8 22. Ba6 Bxg2 23. Bxe5 Bxe5 24. Rg1 Bf3 25. Bxc8 Bxd1 26. Kxd1 Rxc8 27. b3
f5 28. h5 Kf7 29. hxg6+ hxg6 30. f3 Rh8 31. Rg2 Kf6 32. f4 Bd6 33. Kd2 Rh3 34.
Rf2 Ke7 35. Kd3 Bc5 36. Rg2 Rxe3+ 37. Kc4 Bd6 38. Rxg6 a6 39. Rg7+ Kf6 40. Ra7
Re4+ 41. Kd3 Rxf4 42. Rxa6 Ke5 43. a3 Rd4+ 44. Ke2 Rxd5 45. b4 f4 46. Rc6 Rd4
47. Rc3 Ke4 48. Rb3 Rc4 49. Rh3 Rc2+ 50. Kd1 Ra2 51. Rh6 Be5 0-1

[Event "48. Torneo Villa de Mislata"]
[Site "Mislata ESP"]
[Date "2014.08.17"]
[Round "9.5"]
[White "Perez Manas, Benjamin"]
[Black "Laliena Solanes, Luis"]
[Result "1-0"]
[WhiteElo "2290"]
[BlackElo "2139"]
[PlyCount "119"]
[EventDate "2014.08.11"]
[EventType "swiss"]
[EventRounds "9"]
[EventCountry "ESP"]
[Source "lmi"]
[SourceDate "2014.08.11"]

1. d4 Nf6 2. c4 e6 3. g3 Bb4+ 4. Bd2 a5 5. Bg2 d6 6. Nf3 Nbd7 7. Qc2 Bxd2+ 8.
Nfxd2 e5 9. dxe5 dxe5 10. Nc3 c6 11. O-O Nc5 12. Rfd1 Qe7 13. b3 Bg4 14. Nde4
Nfxe4 15. Nxe4 Nxe4 16. Bxe4 g6 17. Rd2 O-O 18. Rad1 a4 19. c5 axb3 20. axb3
Ra3 21. Qc3 Rfa8 22. Bc2 f6 23. Qb4 Be6 24. Rd6 Ra1 25. Rxa1 Rxa1+ 26. Kg2 Kf7
27. Bd3 Rc1 28. Bc4 Bxc4 29. bxc4 Ra1 30. h4 Ra8 31. h5 Ke8 32. Qd2 Rd8 33.
Rxd8+ Qxd8 34. Qh6 Qd4 35. Qxh7 gxh5 36. Qxh5+ Ke7 37. Qh7+ Ke6 38. Qxb7 Qxc5
39. Qh7 Qd4 40. Qd3 Qc5 41. g4 Ke7 42. e3 Ke6 43. Qe4 Kf7 44. Kg3 Kg7 45. Qd3
Qe7 46. Qf5 Kh6 47. Qc8 Qd6 48. Qh8+ Kg6 49. Qg8+ Kh6 50. Qf7 e4+ 51. Kh3 Qe5
52. Qd7 Qc5 53. Qe6 Kg7 54. Qxe4 Qd6 55. Kg2 Qd7 56. Qd4 Qe6 57. g5 Kh7 58.
gxf6 Qg8+ 59. Kf3 Qc8 60. Qh4+ 1-0

[Event "48. Torneo Villa de Mislata"]
[Site "Mislata ESP"]
[Date "2014.08.17"]
[Round "9.6"]
[White "Aymerich Rosell, Pablo"]
[Black "Ribera Cebolla, Marc"]
[Result "1/2-1/2"]
[WhiteElo "2125"]
[BlackElo "2059"]
[PlyCount "110"]
[EventDate "2014.08.11"]
[EventType "swiss"]
[EventRounds "9"]
[EventCountry "ESP"]
[Source "lmi"]
[SourceDate "2014.08.11"]

1. d4 Nf6 2. c4 c5 3. d5 b5 4. Qc2 bxc4 5. e4 d6 6. Bxc4 g6 7. Nf3 Bg7 8. O-O
O-O 9. Re1 Nbd7 10. h3 Nb6 11. Bf1 Ne8 12. Nc3 Nc7 13. Bf4 Rb8 14. Rad1 Ba6 15.
Bxa6 Nxa6 16. Qe2 c4 17. e5 Nb4 18. exd6 exd6 19. Bg5 Qd7 20. Qd2 Rfe8 21. Bh6
Bxh6 22. Qxh6 Rxe1+ 23. Rxe1 N6xd5 24. Ng5 f6 25. Nge4 Rf8 26. Qd2 Qc6 27. Nxd5
Nxd5 28. Qd4 Kg7 29. Ng5 Re8 30. Qxa7+ Qc7 31. Qxc7+ Nxc7 32. Rxe8 Nxe8 33. Nf3
Kf7 34. Nd4 d5 35. Kf1 Ke7 36. Ke2 Kd6 37. f4 Nc7 38. g4 Na6 39. a3 Nc5 40. Kd1
Nd3 41. f5 Nxb2+ 42. Kc2 Na4 43. fxg6 hxg6 44. h4 Ke7 45. Nb5 f5 46. gxf5 gxf5
47. Kd2 Kf6 48. Ke3 Nc5 49. Kd4 f4 50. Nc3 Nb3+ 51. Kxd5 Nd2 52. Nd1 Nb1 53. a4
c3 54. Nxc3 Nxc3+ 55. Kd4 Nxa4 1/2-1/2

[Event "48. Torneo Villa de Mislata"]
[Site "Mislata ESP"]
[Date "2014.08.17"]
[Round "9.7"]
[White "Gimenez Menchon, Cesar"]
[Black "Uran Bermudez, Oliver Kevin"]
[Result "0-1"]
[WhiteElo "2132"]
[BlackElo "2130"]
[PlyCount "96"]
[EventDate "2014.08.11"]
[EventType "swiss"]
[EventRounds "9"]
[EventCountry "ESP"]
[Source "lmi"]
[SourceDate "2014.08.11"]

1. e4 c5 2. Nf3 Nc6 3. Bb5 e5 4. O-O d6 5. c3 Be7 6. d4 Bd7 7. dxe5 dxe5 8. Re1
Qc7 9. Na3 Nf6 10. Bg5 O-O 11. Nc2 a6 12. Bf1 Ng4 13. Qc1 Be6 14. h3 Nf6 15.
Bxf6 Bxf6 16. Ne3 Rad8 17. Bc4 Bxc4 18. Nxc4 Qe7 19. Nb6 Qd6 20. Nd5 Ne7 21.
Rd1 Nxd5 22. Rxd5 Qe7 23. Rxd8 Rxd8 24. c4 h6 25. Qc2 Qd7 26. Kf1 g5 27. Ke2 g4
28. hxg4 Qxg4 29. Kf1 h5 30. Nh2 Qf4 31. Nf3 h4 32. Qe2 Kg7 33. Qe3 Qg4 34. Re1
b5 35. b3 bxc4 36. bxc4 Rb8 37. Qc3 a5 38. Nh2 Qf4 39. g3 hxg3 40. Qxg3+ Qxg3
41. fxg3 Rb4 42. Rc1 Rb2 43. Ng4 Rxa2 44. Rc3 Bg5 45. Rd3 f6 46. Rd5 Kg6 47.
Rxc5 Kh5 48. Nf2 Be3 0-1

[Event "48. Torneo Villa de Mislata"]
[Site "Mislata ESP"]
[Date "2014.08.17"]
[Round "9.8"]
[White "Castella Garcia, Fausto"]
[Black "Ramiro Ovejero, Juan Luis"]
[Result "0-1"]
[WhiteElo "2335"]
[BlackElo "2364"]
[PlyCount "70"]
[EventDate "2014.08.11"]
[EventType "swiss"]
[EventRounds "9"]
[EventCountry "ESP"]
[Source "lmi"]
[SourceDate "2014.08.11"]

1. e4 c5 2. Nf3 e6 3. Nc3 a6 4. d4 cxd4 5. Nxd4 Qc7 6. Qf3 Nc6 7. Nxc6 Qxc6 8.
Qg3 Nf6 9. Bd3 h5 10. h4 d6 11. Bf4 Bd7 12. O-O-O O-O-O 13. f3 Be7 14. Kb1 Ne8
15. Rhe1 Qb6 16. Be3 Qc7 17. Qf2 Bc6 18. g3 Rd7 19. Bb6 Qb8 20. a4 Bf6 21. Nb5
axb5 22. axb5 Nc7 23. bxc6 bxc6 24. Bd4 Nb5 25. Bxf6 gxf6 26. Bxb5 Qxb5 27. Rd3
Rb7 28. Rb3 Qa5 29. Ree3 Ra7 30. Ra3 Qb6 31. Rab3 Qa5 32. Kc1 Qa1+ 33. Kd2 Qa5+
34. Rec3 Rh7 35. Ra3 Qc7 0-1

[Event "48. Torneo Villa de Mislata"]
[Site "Mislata ESP"]
[Date "2014.08.17"]
[Round "9.9"]
[White "Fernandez Ayuso, Sergio"]
[Black "Sanchez Barbado, Carlos"]
[Result "1/2-1/2"]
[WhiteElo "2084"]
[BlackElo "2249"]
[PlyCount "110"]
[EventDate "2014.08.11"]
[EventType "swiss"]
[EventRounds "9"]
[EventCountry "ESP"]
[Source "lmi"]
[SourceDate "2014.08.11"]

1. d4 f5 2. Nf3 e6 3. c4 Nf6 4. Nc3 Bb4 5. Bg5 Bxc3+ 6. bxc3 O-O 7. g3 d6 8.
Bg2 h6 9. Bc1 Bd7 10. O-O Bc6 11. Ba3 Nbd7 12. d5 exd5 13. Nd4 Qe8 14. Nxc6
bxc6 15. cxd5 Nxd5 16. Bxd5+ cxd5 17. Qxd5+ Qf7 18. Qxf7+ Kxf7 19. Rfb1 Nb6 20.
Bc1 Rfb8 21. Rb3 Nc4 22. Rab1 Rb6 23. f3 Rab8 24. Kf2 g5 25. Be3 c5 26. g4 fxg4
27. Rxb6 Rxb6 28. Rxb6 Nxb6 29. fxg4 Nc4 30. Bc1 Ne5 31. h3 Ke6 32. Kg3 Ng6 33.
e4 Ke5 34. Kf3 Nh4+ 35. Ke3 c4 36. Bd2 a5 37. a3 Ng6 38. Be1 Ke6 39. Bg3 Ne5
40. Kd4 Nf3+ 41. Kxc4 Nd2+ 42. Kb5 Nxe4 43. Be1 Nc5 44. Bf2 Ne4 45. Bd4 Kd5 46.
Bg7 Nf2 47. c4+ Ke6 48. Kxa5 Kd7 49. Bxh6 Nxh3 50. Kb5 Kc7 51. a4 Nf2 52. Bxg5
Nxg4 53. Bf4 Nf6 54. c5 Ne4 55. cxd6+ Nxd6+ 1/2-1/2

[Event "48. Torneo Villa de Mislata"]
[Site "Mislata ESP"]
[Date "2014.08.17"]
[Round "9.10"]
[White "Montalban Galvez, Antoni"]
[Black "Redondo Flores, David"]
[Result "1/2-1/2"]
[WhiteElo "2203"]
[BlackElo "1983"]
[PlyCount "30"]
[EventDate "2014.08.11"]
[EventType "swiss"]
[EventRounds "9"]
[EventCountry "ESP"]
[Source "lmi"]
[SourceDate "2014.08.11"]

1. Nf3 d6 2. d4 g6 3. g3 Bg7 4. Bg2 f5 5. O-O Nf6 6. c4 O-O 7. Nc3 c6 8. d5 e5
9. dxe6 Bxe6 10. b3 Na6 11. Bb2 Qe7 12. Ba3 Rad8 13. Rc1 Nc5 14. Qc2 Nce4 15.
Rcd1 Rfe8 1/2-1/2

[Event "48. Torneo Villa de Mislata"]
[Site "Mislata ESP"]
[Date "2014.08.17"]
[Round "9.11"]
[White "Romero Calduch, Sergio"]
[Black "Ferrer Moreno, Jose"]
[Result "1-0"]
[WhiteElo "2104"]
[BlackElo "2135"]
[PlyCount "63"]
[EventDate "2014.08.11"]
[EventType "swiss"]
[EventRounds "9"]
[EventCountry "ESP"]
[Source "lmi"]
[SourceDate "2014.08.11"]

1. d4 d5 2. c4 c6 3. cxd5 cxd5 4. Bf4 Nc6 5. e3 e6 6. Nc3 a6 7. Rc1 Bd6 8. Bxd6
Qxd6 9. f4 Nf6 10. Nf3 O-O 11. Bd3 Ra7 12. O-O Ng4 13. Bxh7+ Kh8 14. Ng5 f5 15.
Qe1 Ne7 16. Qh4 Nh6 17. Nd1 Bd7 18. Nf2 Be8 19. Nd3 Rf6 20. Ne5 Nc6 21. Bg6
Rxg6 22. Ngf7+ Bxf7 23. Nxf7+ Kg8 24. Nxd6 Ng4 25. Qe1 Kh7 26. b4 a5 27. b5 Nb4
28. Qd2 Nxa2 29. Qxa2 Nxe3 30. Rf2 b6 31. Re2 Ng4 32. Nc8 1-0

[Event "48. Torneo Villa de Mislata"]
[Site "Mislata ESP"]
[Date "2014.08.17"]
[Round "9.12"]
[White "Jordan Arenas, Manuel"]
[Black "Cabero Feliciano, Guillermo"]
[Result "1-0"]
[WhiteElo "2148"]
[BlackElo "2090"]
[PlyCount "63"]
[EventDate "2014.08.11"]
[EventType "swiss"]
[EventRounds "9"]
[EventCountry "ESP"]
[Source "lmi"]
[SourceDate "2014.08.11"]

1. d4 e6 2. c4 b6 3. Nf3 Bb7 4. g3 f5 5. Bg2 Nf6 6. O-O Be7 7. Nc3 Ne4 8. Qd3
Nxc3 9. Qxc3 Bf6 10. Bf4 O-O 11. Rfd1 Na6 12. Qe3 Qe7 13. a3 d6 14. b4 Rae8 15.
Qb3 Nb8 16. Rac1 e5 17. dxe5 dxe5 18. c5+ Kh8 19. Be3 Rd8 20. b5 Rxd1+ 21. Rxd1
bxc5 22. Qc2 Rd8 23. Rxd8+ Qxd8 24. Nxe5 Bxe5 25. Bxb7 Bd4 26. Qd2 Qd6 27. Bf4
Qb6 28. Bc8 Qxb5 29. Bxf5 Nc6 30. e3 c4 31. Qc2 Bf6 32. Bxh7 1-0

[Event "48. Torneo Villa de Mislata"]
[Site "Mislata ESP"]
[Date "2014.08.17"]
[Round "9.13"]
[White "Galiana Fernandez, Adrian"]
[Black "Garrido Olivares, Ricard"]
[Result "1/2-1/2"]
[WhiteElo "1889"]
[BlackElo "2228"]
[PlyCount "70"]
[EventDate "2014.08.11"]
[EventType "swiss"]
[EventRounds "9"]
[EventCountry "ESP"]
[Source "lmi"]
[SourceDate "2014.08.11"]

1. e4 c6 2. d4 d5 3. e5 Bf5 4. h4 h5 5. c4 e6 6. Nc3 Ne7 7. Bg5 dxc4 8. Bxc4
Nd7 9. Nge2 f6 10. exf6 gxf6 11. Bf4 Nb6 12. Bd3 Nbd5 13. Bxf5 Nxf5 14. Nxd5
Qxd5 15. Qb3 Qxb3 16. axb3 a6 17. O-O-O Rd8 18. Bc7 Rd7 19. Bb6 Bh6+ 20. Kb1
Kf7 21. g3 Ne7 22. Bc5 Nd5 23. Nc3 Bf8 24. Nxd5 Rxd5 25. b4 Be7 26. Kc2 Bd8 27.
b5 axb5 28. Ra1 Be7 29. Bb6 Bd6 30. Ra7 Rb8 31. Kb3 e5 32. dxe5 Bxe5 33. Rc1
Bd4 34. Bxd4 Rxd4 35. Rxc6 Rd2 1/2-1/2

[Event "48. Torneo Villa de Mislata"]
[Site "Mislata ESP"]
[Date "2014.08.17"]
[Round "9.14"]
[White "Gonzalez Aguirre, Luis"]
[Black "Calvo Alfonso, Vicente"]
[Result "1/2-1/2"]
[WhiteElo "2118"]
[BlackElo "2151"]
[PlyCount "99"]
[EventDate "2014.08.11"]
[EventType "swiss"]
[EventRounds "9"]
[EventCountry "ESP"]
[Source "lmi"]
[SourceDate "2014.08.11"]

1. c4 e5 2. g3 Nc6 3. Bg2 g6 4. Nc3 Bg7 5. d3 d6 6. e4 h5 7. h3 Be6 8. Be3 Qd7
9. Qd2 Nd4 10. Bxd4 exd4 11. Nce2 Ne7 12. f4 f5 13. e5 dxe5 14. fxe5 h4 15. Nf3
Bh6 16. Qc2 hxg3 17. Nfxd4 Be3 18. Nxe6 Qxe6 19. Nxg3 Qxe5 20. Nf1 Bd4+ 21. Qe2
Bxb2 22. Qxe5 Bxe5 23. Rb1 Rb8 24. Ne3 c6 25. Nc2 Bg3+ 26. Ke2 Kf7 27. Kf3 Bc7
28. Rb3 Rh4 29. Re1 g5 30. Ne3 Kf6 31. Rf1 Ng6 32. c5 Rf4+ 33. Ke2 Rxf1 34.
Kxf1 b6 35. Bxc6 bxc5 36. Nd5+ Ke5 37. Nxc7 Rxb3 38. axb3 Nf4 39. Nb5 Nxh3 40.
Nxa7 Nf4 41. Bb5 Kd4 42. Nc6+ Kc3 43. Ne7 Nxd3 44. Nxf5 Nc1 45. Kf2 Nxb3 46.
Kg3 Nd4 47. Nxd4 cxd4 48. Kg4 d3 49. Bxd3 Kxd3 50. Kxg5 1/2-1/2

[Event "48. Torneo Villa de Mislata"]
[Site "Mislata ESP"]
[Date "2014.08.17"]
[Round "9.15"]
[White "Hassomal Daswani, Birjkumar"]
[Black "Garcia Martin, Marta"]
[Result "1/2-1/2"]
[WhiteElo "2106"]
[BlackElo "1929"]
[PlyCount "129"]
[EventDate "2014.08.11"]
[EventType "swiss"]
[EventRounds "9"]
[EventCountry "ESP"]
[Source "lmi"]
[SourceDate "2014.08.11"]

1. e4 e5 2. Nf3 Nc6 3. Bc4 Bc5 4. d3 Nf6 5. Bg5 d6 6. c3 h6 7. Bh4 a6 8. Nbd2
Ba7 9. a4 O-O 10. O-O Qe7 11. Re1 Be6 12. Qe2 Bxc4 13. Nxc4 Qe6 14. Bxf6 Qxf6
15. Ne3 Ne7 16. Rad1 Ng6 17. g3 Rfe8 18. Nd5 Qd8 19. Kg2 Qd7 20. h3 c6 21. Ne3
d5 22. Nf5 Rad8 23. Nh2 Ne7 24. Qh5 Nxf5 25. exf5 f6 26. Qg6 Qf7 27. g4 Re7 28.
Nf1 Rde8 29. Ng3 Bb8 30. Ne2 Bc7 31. Ng1 e4 32. d4 e3 33. fxe3 Rxe3 34. Qxf7+
Kxf7 35. Rxe3 Rxe3 36. Rd2 Re1 37. b4 Rc1 38. Ne2 Ra1 39. b5 Rxa4 40. bxc6 bxc6
41. Rb2 Ke7 42. Rb7 Kd7 43. Nc1 Kc8 44. Rb2 Ra3 45. Rc2 a5 46. Kf2 Kd7 47. Ke2
a4 48. Nd3 Bd6 49. Nc1 Ra1 50. c4 dxc4 51. Rxc4 a3 52. Nb3 Rh1 53. Ra4 Rxh3 54.
Ra7+ Kc8 55. Na5 a2 56. Nc4 Bc7 57. Nd2 Rh2+ 58. Kd3 Bf4 59. Rxa2 Rxd2+ 60.
Rxd2 Bxd2 61. Kxd2 Kc7 62. Kd3 Kd6 63. Kc4 Kd7 64. Kc5 Kc7 65. Kb4 1/2-1/2

[Event "48. Torneo Villa de Mislata"]
[Site "Mislata ESP"]
[Date "2014.08.17"]
[Round "9.16"]
[White "Guillem Mora, Carlos"]
[Black "Gomez Sanjuan, Hector Fernando"]
[Result "1/2-1/2"]
[WhiteElo "1951"]
[BlackElo "1812"]
[PlyCount "78"]
[EventDate "2014.08.11"]
[EventType "swiss"]
[EventRounds "9"]
[EventCountry "ESP"]
[Source "lmi"]
[SourceDate "2014.08.11"]

1. d4 Nf6 2. Bf4 c5 3. e3 b6 4. Nf3 Bb7 5. Bd3 e6 6. Nbd2 cxd4 7. exd4 Be7 8.
h3 O-O 9. c3 d6 10. O-O Nbd7 11. Re1 Qc7 12. Bg3 Rfe8 13. h4 Bf8 14. Ng5 h6 15.
Nge4 a6 16. a4 Nxe4 17. Nxe4 e5 18. Qh5 Bxe4 19. Bxe4 Nf6 20. Qf5 Nxe4 21. Rxe4
g6 22. Qg4 Bg7 23. dxe5 dxe5 24. Rc4 Qe7 25. Rc6 b5 26. axb5 axb5 27. Rxa8 Rxa8
28. Rc8+ Rxc8 29. Qxc8+ Kh7 30. Qc6 b4 31. c4 e4 32. b3 e3 33. Qd6 Qa7 34. Qd3
Qa1+ 35. Kh2 exf2 36. Bxf2 Be5+ 37. Bg3 Bxg3+ 38. Qxg3 Qc3 39. Qf3 Kg7 1/2-1/2